The European healthy cities project (Record no. 16984)

MARC details
000 -LEADER
fixed length control field 00705cab a2200193 4500
001 - CONTROL NUMBER
control field ABS40659
008 - FIXED-LENGTH DATA ELEMENTS--GENERAL INFORMATION
fixed length control field 090401t1989 xxu||||| |||| 00| 0 eng d
035 ## - SYSTEM CONTROL NUMBER
System control number (Sirsi) u25303
041 ## - LANGUAGE CODE
Language code of text/sound track or separate title eng
100 ## - MAIN ENTRY--PERSONAL NAME
Personal name Macdonald, R.G.
245 #4 - TITLE STATEMENT
Title The European healthy cities project
260 ## - PUBLICATION, DISTRIBUTION, ETC.
Date of publication, distribution, etc. 1989
350 ## - PRICE (NR) (BK AM CF MU VM SE) [OBSOLETE]
Price 0
490 ## - SERIES STATEMENT
Series statement Urban Design Quarterly
Volume/sequential designation (30) April 1989, 4-7(4)
520 ## - SUMMARY, ETC.
Summary, etc. Examines the European Healthy Cities Project , a major initiative by the World Health Organisation , to redevelop cities with a view to the achievement and maintenance of good health , the major British city involved being Liverpool .
690 ## - LOCAL SUBJECT ADDED ENTRY--TOPICAL TERM (OCLC, RLIN)
Topical term or geographic name as entry element PLANNING LAW AND PRACTICE
942 ## - ADDED ENTRY ELEMENTS (KOHA)
Suppress in OPAC 0
948 ## - LOCAL PROCESSING INFORMATION (OCLC); SERIES PART DESIGNATOR (RLIN)
c (OCLC) 04/03/1997
Holdings
Withdrawn status Lost status Source of classification or shelving scheme Damaged status Not for loan Home library Current library Shelving location Date acquired Total Checkouts Full call number Barcode Date last seen Copy number Price effective from Koha item type
    Dewey Decimal Classification     London London Journal article 14/09/1999   ABS40659 25303-1001 06/08/2019 1 06/08/2019 Journal article